000 00472nam a2200157 i 4500
001 59689
003 ES-MaACL
005 20230906164100.0
007 t|
008 031030s1960 sp ||||1| spa d
100 1 _aEnrique y Tarancón, Vicente.
_947273
245 1 0 _a"Sacerdotes y fieles" /
_cVicente Enrique y Tarancón, Obispo de Solsona.
260 _aMadrid :
_b[s.n.],
_c1960 (
_fGráf. Benzal)
300 _a229 p. ;
_c25 cm.
852 _aES-MaACL
_jC-18875
_bR.46899
999 _c59689
_d59689